000 00620nam a2200193 i 4500
001 bgj
100 1 _aFRITZ, Axel.
245 1 0 _aÖdön von Horvath als Kritiker seiner Zeit :
_bStudien zum Werk in seinem Verhältnis zum politischen, sozialen und kulturellen Zeitgeschehen.
_cAxel Fritz.
_nT. 1 /
260 _aStockholm,
_c1971.
300 _aK. X, 152 ;
_c30 cm.
490 1 _aGermanistische Dissertationem
_v2
650 9 _aLiteratura niemiecka
830 _aGermanistische Dissertationem
040 _cBPK
041 0 _ager
080 _a821.112.2
942 _cKS
008 s gw f |000 0 ger
999 _c49933
_d49933
856 _uhttp://koha.tu.koszalin.pl/cgi-bin/koha/opac-detail.pl?biblionumber=49933
_yKatalog online BPK